01574nam a2200421 i 4500001000700000003000800007005001700015006001900032007001500051008004100066020002700107020002800134035002200162040003100184050002100215080001000236082001200246100003900258245012500297250001800422264004700440300004100487336003100528337003300559338004300592500002000635500002200655588008300677590016200760650002000922650003700942650002500979650002101004655002701025797001801052856006301070999001901133138884FINmELB20241217181240.0m o d | cr cnu||||||||231124s2019 sp o 001 0 spa d a9788473607049q(print) a9788473607544q(e-book) a(OCoLC)1415858424 aFINmELBbspaerdacFINmELB 4aTD193bC245 2019 a557.104a6282231 aCapó Martí, Miguel A.,eautor.10aPrincipios de Ecotoxicología :bdiagnóstico, tratamiento y gestión del medio ambiente /cMiguel A. Capó Martí. a2a edición. 1aMadrid :bEditorial Tébar Flores,c2019. a1 recurso en línea (326 páginas) atextobtxt2rdacontent/spa acomputadorabc2rdamedia/spa arecurso en líneabcr2rdacarrier/spa aIncluye anexos. aIncluye índice. aDescripción basada en metadatos suministrados por el editor y otras fuentes. aRecurso electrónico. Santa Fe, Arg.: elibro, 2023. Disponible vía World Wide Web. El acceso puede estar limitado para las bibliotecas afiliadas a elibro. 4aMedio ambiente. 4aProtección del medio ambiente. 4aQuímica ambiental. 4aQuímica verde. 4aLibros electrónicos.2 aelibro, Corp.40uhttps://elibro.net/ereader/politecnicointernacional/235978 c138884d138884